[Event "Voronezh op-B 19th"]
[Site "Voronezh"]
[Date "2015.06.20"]
[Round "8"]
[White "Popov, Alexey"]
[Black "Maltsevskiy, Nikolay"]
[Result "1-0"]
[WhiteElo "2111"]
[BlackElo "1915"]
[PlyCount "41"]
[EventDate "2015.06.12"]
[EventType "swiss"]
[EventRounds "9"]
[EventCountry "RUS"]
[SourceTitle "CBM 167 Extra"]
[Source "ChessBase"]
[SourceDate "2015.09.14"]
[SourceVersion "1"]
[SourceVersionDate "2015.09.14"]
[SourceQuality "1"]

1. d4 d5 2. c4 c6 3. Nc3 Nf6 4. e3 e6 5. Nf3 Nbd7 6. Qc2 Be7 7. b3 0-0 8. Bb2 b6 9. Bd3 Bb7 10. 0-0 Re8 11. Ne5 Bf8 12. f4 c5 13. cxd5 exd5 14. Rf3 g6 15. Rh3 Bc8 16. Nxf7 Kxf7 17. Rxh7+ Nxh7 18. Bxg6+ Kg7 19. Bxh7 Qh4 20. Qg6+ Kh8 21. Qg8# 1-0

[Event "Voronezh op-B 19th"]
[Site "Voronezh"]
[Date "2015.06.15"]
[Round "4"]
[White "Popov, Alexey"]
[Black "Tsvetkov, Andrey"]
[Result "1/2-1/2"]
[WhiteElo "2111"]
[BlackElo "1940"]
[PlyCount "80"]
[EventDate "2015.06.12"]
[EventType "swiss"]
[EventRounds "9"]
[EventCountry "RUS"]
[SourceTitle "CBM 167 Extra"]
[Source "ChessBase"]
[SourceDate "2015.09.14"]
[SourceVersion "1"]
[SourceVersionDate "2015.09.14"]
[SourceQuality "1"]

1. d4 Nf6 2. c4 g6 3. Nc3 d5 4. cxd5 Nxd5 5. e4 Nxc3 6. bxc3 Bg7 7. Nf3 c5 8. Be3 Qa5 9. Qd2 Nc6 10. Rc1 cxd4 11. cxd4 Qxd2+ 12. Kxd2 0-0 13. Bb5 Rd8 14. Bxc6 bxc6 15. Rc5 Bg4 16. Ne5 Bxe5 17. Rxe5 Be6 18. Rc1 Rd6 19. Ra5 a6 20. Rc2 f6 21. Kc3 Kf7 22. Rb2 f5 23. f3 Rdd8 24. Rb6 Rdb8 25. Rxc6 Rc8 26. d5 Bd7 27. Rxc8 Rxc8+ 28. Kd2 fxe4 29. fxe4 Bb5 30. a4 Bf1 31. g3 Bg2 32. Rxa6 Bxe4 33. d6 exd6 34. Rxd6 Rc2+ 35. Ke1 Ra2 36. Rd7+ Ke6 37. Rxh7 Rxa4 38. Rc7 Ra1+ 39. Bc1 Ra2 40. h4 Rc2 1/2-1/2

[Event "Izhevsk Corporation Cup 6th"]
[Site "Izhevsk"]
[Date "2014.07.16"]
[Round "5"]
[White "Kolomensky, Vladimir"]
[Black "Popov, Alexey"]
[Result "1/2-1/2"]
[WhiteElo "2245"]
[BlackElo "2120"]
[PlyCount "65"]
[EventDate "2014.07.12"]
[EventType "swiss"]
[EventRounds "9"]
[EventCountry "RUS"]
[SourceTitle "CBM 161 Extra"]
[Source "ChessBase"]
[SourceDate "2014.08.29"]
[SourceVersion "1"]
[SourceVersionDate "2014.08.29"]
[SourceQuality "1"]

1. e4 e5 2. Nf3 Nc6 3. Bc4 d6 4. d4 Bg4 5. c3 Bxf3 6. Qxf3 Nf6 7. Bb5 a6 8. Bxc6+ bxc6 9. dxe5 dxe5 10. 0-0 Bc5 11. Nd2 0-0 12. Nc4 Re8 13. Bg5 Re6 14. Rad1 Qe8 15. Rd3 Nd7 16. Rfd1 f6 17. Be3 Nb6 18. Bxc5 Nxc4 19. Qe2 Na5 20. f3 Nb7 21. Ba3 c5 22. R3d2 Qb5 23. Qxb5 axb5 24. Rd7 Rb6 25. Rxc7 b4 26. Rdd7 Nd8 27. Rxg7+ Kf8 28. Rxh7 Kg8 29. Rcg7+ Kf8 30. Rd7 Kg8 31. Rdg7+ Kf8 32. Rd7 Kg8 33. Rdg7+ 1/2-1/2

[Event "Samara Polugaevsky Memorial 4th"]
[Site "Samara"]
[Date "2014.07.08"]
[Round "7"]
[White "Skatchkov, Valery"]
[Black "Popov, Alexey"]
[Result "1/2-1/2"]
[WhiteElo "1799"]
[BlackElo "2120"]
[PlyCount "96"]
[EventDate "2014.07.02"]
[EventType "swiss"]
[EventRounds "9"]
[EventCountry "RUS"]
[SourceTitle "CBM 161 Extra"]
[Source "ChessBase"]
[SourceDate "2014.08.29"]
[SourceVersion "1"]
[SourceVersionDate "2014.08.29"]
[SourceQuality "1"]

1. d4 c5 2. Nf3 e6 3. e4 cxd4 4. Nxd4 Nf6 5. Nc3 Nc6 6. Be3 Bb4 7. Bd3 Qa5 8. Qd2 Bxc3 9. bxc3 d5 10. f3 0-0 11. 0-0 e5 12. Nb3 Qd8 13. Bg5 Be6 14. Bxf6 Qxf6 15. exd5 Bxd5 16. Bxh7+ Kxh7 17. Qxd5 Rad8 18. Qe4+ Kg8 19. Rae1 Qe6 20. Nc5 Qe7 21. Nd3 Rfe8 22. Qc4 Qe6 23. Qh4 f6 24. Nc5 Qxa2 25. Nxb7 Rd2 26. Rf2 Rxf2 27. Qxf2 Rb8 28. Qc5 Rxb7 29. Qxc6 Rb1 30. Qc8+ Kh7 31. Qf5+ g6 32. Qd7+ Kg8 33. Qe8+ Kg7 34. Qd7+ Kf8 35. Qd8+ Kf7 36. Qc7+ Kf8 37. Qd8+ Kf7 38. Qd7+ Kf8 39. Qd8+ Kf7 40. Qc7+ Kf8 41. Qc5+ Kf7 42. Kf1 a5 43. Qa7+ Kf8 44. Qa8+ Ke7 45. Qa7+ Kf8 46. Qc5+ Kf7 47. Qc7+ Kf8 48. Qd8+ Kf7 1/2-1/2

[Event "Khanty-Mansiysk Governor Cup-B 9th"]
[Site "Khanty-Mansiysk"]
[Date "2013.12.04"]
[Round "7"]
[White "Popov, Alexey"]
[Black "Trapeznikova, Darya"]
[Result "1/2-1/2"]
[WhiteElo "2130"]
[BlackElo "2069"]
[PlyCount "77"]
[EventDate "2013.11.28"]
[EventType "swiss"]
[EventRounds "9"]
[EventCountry "RUS"]
[SourceTitle "CBM 157 Extra"]
[Source "ChessBase"]
[SourceDate "2013.12.19"]
[SourceVersion "1"]
[SourceVersionDate "2013.12.19"]
[SourceQuality "1"]

1. d4 d5 2. c4 c6 3. cxd5 cxd5 4. Nc3 Nf6 5. Bf4 Nc6 6. Nf3 e6 7. e3 a6 8. Bd3 Bd6 9. Bg3 h6 10. a3 Bxg3 11. hxg3 Bd7 12. Ne5 Qc7 13. f4 Na7 14. g4 Bb5 15. Nxb5 Nxb5 16. Qa4 Qb6 17. Qb4 Nd7 18. Nxd7 Kxd7 19. a4 Qd6 20. Bxb5+ axb5 21. Qxb5+ Qc6 22. Qxc6+ bxc6 23. Kd2 f6 24. b3 Rhe8 25. Rh5 Kd6 26. g5 hxg5 27. fxg5 f5 28. Rh7 Ra7 29. b4 e5 30. Rf1 exd4 31. exd4 Rxa4 32. Rxg7 Ra2+ 33. Kd3 Ree2 34. Rxf5 Rad2+ 35. Kc3 Rc2+ 36. Kd3 Rcd2+ 37. Kc3 Rc2+ 38. Kd3 Rcd2+ 39. Kc3 1/2-1/2

[Event "Khanty-Mansiysk Governor Cup-B 9th"]
[Site "Khanty-Mansiysk"]
[Date "2013.11.30"]
[Round "3"]
[White "Popov, Alexey"]
[Black "Artamonov, Valery"]
[Result "0-1"]
[WhiteElo "2130"]
[BlackElo "2256"]
[PlyCount "74"]
[EventDate "2013.11.28"]
[EventType "swiss"]
[EventRounds "9"]
[EventCountry "RUS"]
[SourceTitle "CBM 157 Extra"]
[Source "ChessBase"]
[SourceDate "2013.12.19"]
[SourceVersion "1"]
[SourceVersionDate "2013.12.19"]
[SourceQuality "1"]

1. d4 Nf6 2. Bf4 d6 3. e3 g6 4. h3 Bg7 5. Nf3 0-0 6. Be2 Nbd7 7. 0-0 b6 8. c4 c5 9. Nc3 a6 10. Rc1 Bb7 11. a3 Ne4 12. Nxe4 Bxe4 13. Qd2 Ra7 14. b4 Qa8 15. Rfd1 a5 16. b5 Re8 17. d5 h6 18. a4 Nf8 19. Nh2 e5 20. Bg3 Qd8 21. f3 Bf5 22. e4 Bc8 23. Bf2 f5 24. exf5 gxf5 25. g4 e4 26. fxe4 fxe4 27. Kg2 e3 28. Bxe3 Rae7 29. Nf1 Bd4 30. Rc3 Ng6 31. Bf3 Nh4+ 32. Kg3 Nxf3 33. Kxf3 Rf7+ 34. Kg2 Bxc3 35. Qxc3 Qe7 36. Qd3 Qf6 37. Re1 h5 0-1

[Event "Izhevsk Corporation Cup-A 4th"]
[Site "Izhevsk"]
[Date "2012.07.17"]
[Round "3"]
[White "Baltabaev, Temirlan"]
[Black "Popov, Alexey"]
[Result "0-1"]
[WhiteElo "2083"]
[BlackElo "2229"]
[PlyCount "118"]
[EventDate "2012.07.15"]
[EventType "swiss"]
[EventRounds "9"]
[EventCountry "RUS"]
[SourceTitle "EXT 2013"]
[Source "ChessBase"]
[SourceDate "2012.11.22"]
[SourceVersion "1"]
[SourceVersionDate "2012.11.22"]
[SourceQuality "1"]

1. d4 d5 2. Nf3 Nf6 3. g3 g6 4. Bg2 Bg7 5. 0-0 0-0 6. c4 c6 7. Nc3 dxc4 8. a4 Nd5 9. Bd2 a5 10. Ne5 Be6 11. Ne4 Nf6 12. Nc5 Bd5 13. Nxb7 Qb6 14. Nxa5 Rxa5 15. Bxa5 Qxa5 16. Qe1 Qxe1 17. Rfxe1 Nfd7 18. e4 Be6 19. f4 Nxe5 20. dxe5 Na6 21. Rec1 Nc5 22. Rc3 Ra8 23. Rca3 Nb3 24. Rd1 Bg4 25. Rf1 Be2 26. Rf2 Bd3 27. Bf1 Bxf1 28. Kxf1 e6 29. Rc2 Bf8 30. Ra2 Bc5 31. Ke1 Bb4+ 32. Kf2 Na5 33. Ra1 Rd8 34. Rh1 Bc5+ 35. Ke2 Bd4 36. Rd1 c5 37. Kf3 Rb8 38. Rdd2 Rb4 39. Kg4 Kg7 40. Re2 Rxa4 41. Kh4 Rb4 42. g4 Rb3 43. g5 Kf8 44. Kg4 Ke7 45. h4 Kd7 46. Rh2 Kc6 47. h5 Rb7 48. hxg6 hxg6 49. Kf3 Kb5 50. Ke2 Nc6 51. Rh7 Nb4 52. Rd2 Nd3 53. f5 exf5 54. exf5 Bxe5 55. fxg6 Nf4+ 56. Kf3 Nxg6 57. Ke4 f5+ 58. Kxf5 Rxh7 59. Kxg6 Rh2 0-1

[Event "Izhevsk Corporation Cup-A 4th"]
[Site "Izhevsk"]
[Date "2012.07.16"]
[Round "2"]
[White "Popov, Alexey"]
[Black "Mazurkin, Alexander"]
[Result "1/2-1/2"]
[WhiteElo "2229"]
[BlackElo "2083"]
[PlyCount "104"]
[EventDate "2012.07.15"]
[EventType "swiss"]
[EventRounds "9"]
[EventCountry "RUS"]
[SourceTitle "EXT 2013"]
[Source "ChessBase"]
[SourceDate "2012.11.22"]
[SourceVersion "1"]
[SourceVersionDate "2012.11.22"]
[SourceQuality "1"]

1. d4 d5 2. Nf3 Nf6 3. e3 c6 4. Bd3 Bg4 5. c4 e6 6. Qb3 Qc7 7. Ne5 Nbd7 8. Nxg4 Nxg4 9. cxd5 exd5 10. Nc3 Be7 11. h3 Ngf6 12. Bd2 0-0 13. Rc1 Qb6 14. Qc2 Rfe8 15. a3 Bd6 16. 0-0 Re7 17. Kh1 Rae8 18. Na4 Qc7 19. b4 Ne4 20. Bxe4 Rxe4 21. Nc3 Rh4 22. Nxd5 Qd8 23. Nc3 Nf6 24. f4 Qd7 25. Rf3 Bb8 26. Kg1 Rh5 27. Kf2 g6 28. Rg1 Rh4 29. Qd3 Rh5 30. e4 a5 31. e5 axb4 32. axb4 Ba7 33. Be3 Nd5 34. Nxd5 Qxd5 35. Ra1 Bb6 36. Ra3 Rd8 37. Qd2 f6 38. g4 fxe5 39. gxh5 exd4 40. Bxd4 Bxd4+ 41. Kg3 Qxh5 42. Qa2+ Kg7 43. Ra5 b5 44. Ra6 Rd5 45. Qd2 Bf6 46. Qe3 Rd6 47. Kg2 Qf5 48. Qe8 Rd7 49. Rxc6 Re7 50. Qc8 Qe4 51. Rc7 Qe2+ 52. Rf2 Qe4+ 1/2-1/2

[Event "Samara Polugaevsky Memorial 2nd"]
[Site "Samara"]
[Date "2012.07.07"]
[Round "3"]
[White "Alieva, Alexandra"]
[Black "Popov, Alexey"]
[Result "1/2-1/2"]
[WhiteElo "1975"]
[BlackElo "2229"]
[PlyCount "97"]
[EventDate "2012.07.05"]
[EventType "swiss"]
[EventRounds "9"]
[EventCountry "RUS"]
[SourceTitle "CBM 149 Extra"]
[Source "ChessBase"]
[SourceDate "2012.08.24"]
[SourceVersion "1"]
[SourceVersionDate "2012.08.24"]
[SourceQuality "1"]

1. e4 d5 2. exd5 Qxd5 3. Nc3 Qa5 4. d4 Nf6 5. Nf3 Ne4 6. Bd2 Nxd2 7. Qxd2 e6 8. Bd3 Bb4 9. 0-0 Bxc3 10. bxc3 Nd7 11. Rfe1 0-0 12. Ne5 Nf6 13. Re3 c5 14. Nc4 Qc7 15. Rf3 b5 16. Rxf6 bxc4 17. Be4 Rb8 18. Qf4 Qxf4 19. Rxf4 f5 20. Bc6 g5 21. Rf3 Rb6 22. d5 Rd8 23. Re3 exd5 24. Bxd5+ Rxd5 25. Re8+ Kg7 26. Rxc8 Rb2 27. Rc7+ Kg6 28. Rxa7 Rxc2 29. h3 Rcd2 30. Kf1 f4 31. a4 h5 32. a5 g4 33. a6 f3 34. Re7 g3 35. fxg3 Rd1+ 36. Re1 fxg2+ 37. Kg1 Rxe1+ 38. Rxe1 Rd8 39. Ra1 Kf5 40. Kxg2 Ke4 41. Re1+ Kf5 42. Kf3 Rd3+ 43. Kf2 Rd7 44. Ra1 Ra7 45. Kf3 Ke5 46. Ra5 Kd5 47. Kf4 h4 48. g4 Rxa6 49. Rxa6 1/2-1/2

[Event "Samara Polugaevsky Memorial 2nd"]
[Site "Samara"]
[Date "2012.07.05"]
[Round "1"]
[White "Zernov, Egor"]
[Black "Popov, Alexey"]
[Result "0-1"]
[WhiteElo "1498"]
[BlackElo "2229"]
[PlyCount "58"]
[EventDate "2012.07.05"]
[EventType "swiss"]
[EventRounds "9"]
[EventCountry "RUS"]
[SourceTitle "CBM 149 Extra"]
[Source "ChessBase"]
[SourceDate "2012.08.24"]
[SourceVersion "1"]
[SourceVersionDate "2012.08.24"]
[SourceQuality "1"]

1. e4 e6 2. d3 d5 3. Nd2 c5 4. Ngf3 Nc6 5. g3 Nf6 6. Bg2 Be7 7. 0-0 0-0 8. e5 Nd7 9. Re1 Qc7 10. Qe2 b5 11. Nf1 a5 12. a3 Ba6 13. Bf4 Nd4 14. Nxd4 cxd4 15. h4 Nb6 16. h5 Kh8 17. Qd2 b4 18. a4 b3 19. c3 dxc3 20. bxc3 Rac8 21. Rec1 Bxd3 22. h6 g5 23. Bxg5 Nc4 24. Qf4 Bxg5 25. Qxg5 Qxe5 26. Qg4 f5 27. Qf3 Be2 28. Qf4 Qxf4 29. gxf4 b2 0-1

[Event "Samara Polugaevsky Memorial 1st"]
[Site "Samara"]
[Date "2011.07.11"]
[Round "7"]
[White "Alieva, Alexandra"]
[Black "Popov, Alexey"]
[Result "0-1"]
[WhiteElo "1906"]
[BlackElo "2229"]
[PlyCount "62"]
[EventDate "2011.07.05"]
[EventType "swiss"]
[EventRounds "9"]
[EventCountry "RUS"]
[SourceTitle "CBM 143 Extra"]
[Source "ChessBase"]
[SourceDate "2011.08.29"]
[SourceVersion "1"]
[SourceVersionDate "2011.08.29"]
[SourceQuality "1"]

1. Nf3 d6 2. e4 e5 3. d4 Bg4 4. dxe5 Nd7 5. Be2 dxe5 6. 0-0 c6 7. Be3 Ngf6 8. Nbd2 Qc7 9. c3 Bc5 10. Bxc5 Nxc5 11. Qc2 0-0-0 12. b4 Ne6 13. Nc4 Nf4 14. Rfe1 Nxe2+ 15. Qxe2 Rhe8 16. Qe3 Kb8 17. Rad1 Nd7 18. Rd2 f6 19. Red1 Be6 20. Nd6 Rg8 21. b5 c5 22. a4 Bb3 23. Ra1 Nb6 24. c4 Bxa4 25. Nf5 Nxc4 26. Rxd8+ Rxd8 27. Qe2 Bxb5 28. Ne3 Nxe3 29. Qxb5 Nc2 30. Rc1 Nd4 31. Nxd4 Rxd4 0-1

[Event "Samara Polugaevsky Memorial 1st"]
[Site "Samara"]
[Date "2011.07.09"]
[Round "5"]
[White "Afanasiev, Dmitry1111"]
[Black "Popov, Alexey"]
[Result "1-0"]
[WhiteElo "2047"]
[BlackElo "2229"]
[PlyCount "113"]
[EventDate "2011.07.05"]
[EventType "swiss"]
[EventRounds "9"]
[EventCountry "RUS"]
[SourceTitle "CBM 143 Extra"]
[Source "ChessBase"]
[SourceDate "2011.08.29"]
[SourceVersion "1"]
[SourceVersionDate "2011.08.29"]
[SourceQuality "1"]

1. e4 e5 2. Nf3 d5 3. exd5 e4 4. Ne5 Qxd5 5. Nc4 Nf6 6. Nc3 Qe6 7. Be2 a6 8. 0-0 b5 9. Ne3 Bd6 10. d3 Qe5 11. g3 Bb7 12. a4 b4 13. Nc4 Qe6 14. Nxe4 Nxe4 15. dxe4 Bc5 16. Na5 Bxe4 17. Nb3 Ba7 18. Bf3 0-0 19. Bxe4 Qxe4 20. Re1 Qf5 21. Be3 c5 22. Na5 h5 23. Qd6 Nd7 24. Nc6 Qh3 25. Bg5 Bb8 26. Qd5 Bc7 27. Rad1 Nb6 28. Qxc5 Rac8 29. Ne7+ Kh8 30. Nxc8 Rxc8 31. Qd4 Nxa4 32. Bh6 Qg4 33. Qxg4 hxg4 34. Be3 Nxb2 35. Rd4 Be5 36. Rxg4 Rxc2 37. Bd4 Nd3 38. Rxe5 Nxe5 39. Bxe5 f6 40. Bxf6 gxf6 41. Rxb4 Kg7 42. Ra4 Rc6 43. Ra5 Kg6 44. g4 Re6 45. Kg2 Kh6 46. Kg3 Kg6 47. h4 Rb6 48. f3 Rc6 49. h5+ Kh6 50. Kf4 Rb6 51. Kf5 Kg7 52. f4 Kh6 53. Rc5 Kg7 54. Rc7+ Kf8 55. Ra7 Rc6 56. Kg6 Rc4 57. Rxa6 1-0

[Event "Raduzhny"]
[Site "Raduzhny"]
[Date "2009.11.21"]
[Round "9"]
[White "Kryuk, Marina"]
[Black "Popov, Alexey"]
[Result "0-1"]
[WhiteElo "2192"]
[BlackElo "2220"]
[PlyCount "26"]
[EventDate "2009.11.16"]
[EventType "tourn"]
[EventRounds "9"]
[EventCountry "RUS"]
[SourceTitle "EXT 2012"]
[Source "ChessBase"]
[SourceDate "2011.11.24"]
[SourceVersion "1"]
[SourceVersionDate "2011.11.24"]
[SourceQuality "1"]

1. e4 e5 2. Nf3 Nc6 3. Bc4 Nf6 4. 0-0 Nxe4 5. Re1 d5 6. Bb5 Bc5 7. d4 exd4 8. Nxd4 0-0 9. Nxc6 Bxf2+ 10. Kh1 Qh4 11. Rxe4 dxe4 12. Ne5 Bg3 13. Qg1 Bxe5 0-1

[Event "Raduzhny"]
[Site "Raduzhny"]
[Date "2009.11.18"]
[Round "6"]
[White "Popov, Alexey"]
[Black "Papayan, Oleg"]
[Result "1-0"]
[WhiteElo "2220"]
[BlackElo "2370"]
[PlyCount "55"]
[EventDate "2009.11.16"]
[EventType "tourn"]
[EventRounds "9"]
[EventCountry "RUS"]
[SourceTitle "EXT 2012"]
[Source "ChessBase"]
[SourceDate "2011.11.24"]
[SourceVersion "1"]
[SourceVersionDate "2011.11.24"]
[SourceQuality "1"]

1. e4 d5 2. exd5 Qxd5 3. Nc3 Qd6 4. d4 Nf6 5. Nf3 a6 6. Be2 Bf5 7. 0-0 Nc6 8. Be3 e6 9. a3 0-0-0 10. b4 Be7 11. b5 axb5 12. Nxb5 Qd7 13. c4 Kb8 14. Qa4 Ne4 15. Ne5 Qe8 16. Bf4 Bd6 17. Rfb1 Bxe5 18. Bxe5 Rd7 19. Bf3 f6 20. Nc3 Nd8 21. Nxe4 fxe5 22. Rb5 Bxe4 23. Ra5 c5 24. Ra8+ Kc7 25. Qa5+ b6 26. Qa7+ Kd6 27. Qxb6+ Ke7 28. Qxc5+ 1-0

[Event "Raduzhny"]
[Site "Raduzhny"]
[Date "2009.11.17"]
[Round "4"]
[White "Popov, Alexey"]
[Black "Amaev, Ahmed"]
[Result "0-1"]
[WhiteElo "2220"]
[BlackElo "2329"]
[PlyCount "54"]
[EventDate "2009.11.16"]
[EventType "tourn"]
[EventRounds "9"]
[EventCountry "RUS"]
[SourceTitle "EXT 2012"]
[Source "ChessBase"]
[SourceDate "2011.11.24"]
[SourceVersion "1"]
[SourceVersionDate "2011.11.24"]
[SourceQuality "1"]

1. e4 e5 2. Nf3 Nc6 3. Bb5 a6 4. Ba4 Nf6 5. 0-0 b5 6. Bb3 Be7 7. Re1 0-0 8. c3 d5 9. exd5 Nxd5 10. Nxe5 Nxe5 11. Rxe5 c6 12. d4 Bd6 13. Re1 Qh4 14. g3 Qh3 15. Be3 Bg4 16. Qd3 Rae8 17. Nd2 Re6 18. Qf1 Qh5 19. Bd1 Bxd1 20. Raxd1 Rfe8 21. Qe2 Qg6 22. Nf3 Re4 23. Qc2 Rxe3 24. Rxe3 Qxc2 25. Rxe8+ Bf8 26. Rd2 Qb1+ 27. Kg2 Qxa2 0-1

[Event "RUS-Cup2"]
[Site "Moscow"]
[Date "1996.??.??"]
[Round "2"]
[White "Oran, Avraam"]
[Black "Popov, Alexey"]
[Result "1-0"]
[WhiteElo "2430"]
[BlackElo "2240"]
[PlyCount "65"]
[EventDate "1996.11.28"]
[EventType "swiss"]
[EventRounds "9"]
[EventCountry "RUS"]
[SourceTitle "CBM 056 Extra"]
[Source "ChessBase"]
[SourceDate "1997.03.01"]
[SourceVersion "1"]
[SourceVersionDate "1997.03.01"]
[SourceQuality "1"]

1. Nf3 e6 2. g3 Nf6 3. Bg2 d5 4. 0-0 Be7 5. d4 0-0 6. c4 c6 7. Qc2 Nbd7 8. b3 b6 9. Rd1 Bb7 10. Nc3 Rc8 11. e4 dxe4 12. Ng5 c5 13. dxc5 bxc5 14. Ncxe4 Qc7 15. Bf4 Bxe4 16. Bxe4 e5 17. Bxh7+ Kh8 18. Bc1 Nb8 19. Bf5 Rcd8 20. Rxd8 Bxd8 21. Be3 Be7 22. Ne4 g6 23. Nxf6 Bxf6 24. Be4 Bg7 25. Rd1 f5 26. Bd5 Nd7 27. f3 Bf6 28. Qg2 f4 29. Bf2 Kg7 30. Be4 g5 31. Qh3 Rd8 32. Qh7+ Kf8 33. Bd5 1-0